书目信息 |
| 书名: | 数学习题集 | |
| 作者: | 贝什卡罗著. | |
| 分册号: | ||
| 分册名: | 出版地: | 莫斯科 : |
|
| 出版社: | 教育出版社 | |
| 出版时间: | 1979. | |
| 页数: | 207 p. ; | |
| 开本: | 20cm. | |
| 丛书名: | ||
| 中图分类号: | ||
| 科图分类号: | ||
| 其他分类号: | O122-44:H35 | |
| 主题词: | ||
| 电子资源: | ||
| 000 | 00410nam 2200169 a 4500 | |
| 001 | E0758416500 | |
| 005 | 20070802161617.81 | |
| 008 | 070802s1979 00010 eng | |
| 020 | @cCNY2.03. | |
| 040 | @aPFT@bchi | |
| 041 | @achi@hrus | |
| 090 | @aO122-44:H35 | |
| 099 | @dO122-44:H35@ex27 | |
| 245 | 1 | @a数学习题集 / @c贝什卡罗著. |
| 260 | @a莫斯科 :@b教育出版社,@c1979. | |
| 300 | @a207 p. ;@c20cm. | |
| 650 | @a数学 | |
| 数学习题集 / / 贝什卡罗著.-莫斯科 : : 教育出版社, , 1979. |
| 207 p. ; ; 20cm. |
| ISBN CNY2.03. |
| ● |
| 相关链接 |
|
|
|
|
正题名:数学习题集
索取号:O122-44:H35/x27
 
预约/预借
| 序号 | 登录号 | 条形码 | 馆藏地/架位号 | 状态 | 备注 |
| 1 | 49397 | 001304387 | 第四借阅区/ [索取号:O122-44:H35/x27] | 在馆 | |
| 2 | 49398 | 001304396 | 第二样本阅览室/ [索取号:O122-44:H35/x27] | 在馆 |